Hotel s drevenou nosnou konštrukciou

Guardado en:
Detalles Bibliográficos
Autor principal: Durčák, Dušan (Autor)
Otros Autores: Sógel, Kristián (Orientador)
Formato: Manuscrito Libro
Lenguaje:eslovaco
Publicado: 2017
Materias:
Acceso en línea:http://is.stuba.sk/zp/portal_zp.pl?podrobnosti=125197
https://opac.crzp.sk/?fn=detailBiblioForm&sid=4B7A8F8230E492173216648DC396
Etiquetas: Agregar Etiqueta
Sin Etiquetas, Sea el primero en etiquetar este registro!

MARC

LEADER 00000ntm a22000003a 4500
001 stuzp63200
003 SK-STU
005 20230810093801.6
007 ta
008 150427s2015----xo-----f-mn---000-0-slo-d
040 |a STU  |b slo 
041 0 |a slo 
100 1 |a Durčák, Dušan  |u 010190  |4 aut  |U SvF Stavebná fakulta  |T SvF Katedra kovových a drevených konštrukcií  |X 9859  |U V190  |Y 21  |7 9859 
242 0 1 |a Hotel of wooden bearing construction  |y eng 
245 1 0 |a Hotel s drevenou nosnou konštrukciou 
260 |c 2017 
650 4 |a drevená nosná konštrukcia  |2 slo 
650 4 |a krížom lepené lamelové drevo,  |2 slo 
650 4 |a krov  |2 slo 
650 4 |a glued laminated timber  |2 eng 
650 4 |a roof  |2 eng 
650 4 |a wooden bearingt structure  |2 eng 
700 1 |a Sógel, Kristián  |u 010190  |k Z1  |4 ths  |U SvF Stavebná fakulta  |T SvF Katedra kovových a drevených konštrukcií  |X 4683  |U V190  |Y 21  |7 A000004683 
856 4 |u http://is.stuba.sk/zp/portal_zp.pl?podrobnosti=125197 
856 4 |u https://opac.crzp.sk/?fn=detailBiblioForm&sid=4B7A8F8230E492173216648DC396